| 000 | 00423nam a2200181Ia 4500 | ||
|---|---|---|---|
| 001 | 13790 | ||
| 003 | GE_BSU | ||
| 008 | 181216s||||||||xx |||||||||||||| ||und|| | ||
| 020 | _a9780007874033 | ||
| 040 | _cGE_BSU | ||
| 080 | _a821.111(038) | ||
| 245 | _aCollins school dictionary. | ||
| 260 | _bHarper Collins Publishers. | ||
| 260 | _c2010 | ||
| 300 | _a675p;18cm. | ||
| 653 | _aCollins school dictionary. | ||
| 942 | _cBK | ||
| 999 |
_c46937 _d46937 |
||